000 00521nam a2200193Ia 4500
005 20250326141116.0
008 250326s9999 xx 000 0 und d
020 _a0-527-91644-7
037 _aTextbook
040 _aFMSL
_beng
_cFMSL
041 _aeng
_2eng
084 _aX:89Q8 M9
_qFMSL
100 _aRosander A C
245 0 _aQuest for quality in services
_cRosander A C
260 _aNew York
_bNew York, Quality
_c1989
300 _a577p
942 _cTB
_hX:89Q8 M9
999 _c1288736
_d1288736